书目信息 |
| 题名: |
结构设计原理
|
|
| 作者: | 马丽娜 , 吴婧 主编 | |
| 分册: | ||
| 出版信息: | 北京 北京交通大学出版社 2025.02 |
|
| 页数: | 160页 | |
| 开本: | 26cm | |
| 丛书名: | 新时代新理念职业教育教材 | |
| 单 册: | ||
| 中图分类: | TU318 | |
| 科图分类: | ||
| 主题词: | 建筑结构--jian zhu jie gou--结构设计--职业教育--教材 | |
| 电子资源: | ||
| ISBN: | 978-7-5121-5463-6 | |
| 000 | 01318nam 2200265 450 | |
| 001 | 95023 | |
| 005 | 20250901165701.48 | |
| 010 | @a978-7-5121-5463-6@dCNY39.00 | |
| 100 | @a20250317d2025 em y0chiy50 ea | |
| 101 | 0 | @achi |
| 102 | @aCN@b110000 | |
| 105 | @aak z 000yy | |
| 106 | @ar | |
| 200 | 1 | @a结构设计原理@Ajie gou she ji yuan li@f主编马丽娜, 吴婧 |
| 210 | @a北京@c北京交通大学出版社@d2025.02 | |
| 215 | @a160页@c图@d26cm | |
| 225 | 2 | @a新时代新理念职业教育教材@Axin shi dai xin li nian zhi ye jiao yu jiao cai@i土木建筑类 |
| 330 | @a本书共11章分为六大部分。第一部分讲授钢筋混凝土结构的基本知识及材料的物理力学性质, 概率极限状态设计法概念和作用的效应组合的概念 ; 第二部分介绍钢筋混凝土受弯构件正截面、斜截面的受力特点、破坏形式和承载力计算 ; 第三部分介绍钢筋混凝土受扭、轴心和偏心受压构件、受拉构件的受力特点、破坏形式和承载力计算 ; 第四部分介绍钢筋混凝土受弯构变形和裂缝宽度计算 ; 第五部分介绍预应力混凝土结构的基本概念和材料要求 ; 第六部分介绍圬工结构的基本概念、砌体受压构件受力特点和承载力计算等内容。 | |
| 410 | 0 | @12001 @a新时代新理念职业教育教材@i土木建筑类 |
| 606 | 0 | @a建筑结构@Ajian zhu jie gou@x结构设计@x职业教育@j教材 |
| 690 | @aTU318@v5 | |
| 701 | 0 | @a马丽娜@Ama li na@4主编 |
| 701 | 0 | @a吴婧@Awu jing@4主编 |
| 801 | 0 | @aCN@c20250909 |
| 905 | @a河南城建学院图书馆@dTU318@eM096@f1 | |
| 结构设计原理/主编马丽娜, 吴婧.-北京:北京交通大学出版社,2025.02 |
| 160页:图;26cm.-(新时代新理念职业教育教材.土木建筑类) |
| ISBN 978-7-5121-5463-6:CNY39.00 |
| 本书共11章分为六大部分。第一部分讲授钢筋混凝土结构的基本知识及材料的物理力学性质, 概率极限状态设计法概念和作用的效应组合的概念 ; 第二部分介绍钢筋混凝土受弯构件正截面、斜截面的受力特点、破坏形式和承载力计算 ; 第三部分介绍钢筋混凝土受扭、轴心和偏心受压构件、受拉构件的受力特点、破坏形式和承载力计算 ; 第四部分介绍钢筋混凝土受弯构变形和裂缝宽度计算 ; 第五部分介绍预应力混凝土结构的基本概念和材料要求 ; 第六部分介绍圬工结构的基本概念、砌体受压构件受力特点和承载力计算等内容。 |
| ● |
| 相关链接 |
|
|
|
正题名:结构设计原理
索取号:TU318/M096
 
预约/预借
| 序号 | 登录号 | 条形码 | 馆藏地/架位号 | 状态 | 备注 |
| 1 | 1629081 | 216290813 | 建筑库101/101建筑库 80排2列1层/ [索取号:TU318/M096] | 在馆 |